| 000 | 00553nam a2200193 a 4500 | ||
|---|---|---|---|
| 005 | 20230602063731.0 | ||
| 008 | 991125s20002004mx 000 0 spa u | ||
| 020 | _a9681104307 | ||
| 035 | _aUPN01000140550 | ||
| 049 | _aCG | ||
| 050 | 4 |
_aPQ7297 R8.9 _bLL3.3 |
|
| 100 | 1 |
_aRulfo, Juan, _d1918-1986 |
|
| 245 | 1 | 3 |
_aEl llano en llamas / _cJuan Rulfo ; pról. de Sergio López Mena. |
| 260 |
_aMéxico : _bPlaza y Janés, _c2000 (2004 impr.). |
||
| 300 | _a203 p. | ||
| 440 | 0 | _aBiblioteca escolar | |
| 650 | 4 |
_aNovela mexicana _94557 |
|
| 905 | _aLibro | ||
| 999 |
_c112698 _d112698 |
||